000 00359nam a22001457a 4500
008 250604b |||||||| |||| 00| 0 eng d
020 _a0604449586
050 _aJA 86
_b.O88
100 _aOstheimes John M
245 _aNigerian Politics
260 _aNew York
_bHarper and row publisher
_c1973
300 _a200p
650 _aPolitical science
942 _cBK
999 _c3749
_d3749